=LDR 00000nam 2200000 4500 =001 INLIS000000000009514 =005 20130612101314 =008 ***********************************Ind** =035 ##$$0010-061300000009514 =041 ##$$a Ind =082 ##$$a 611.12 =090 ##$$a 611.12, Bar-k =100 ##$$a Barnard, Christiaan =245 ##$$a Kiat jantung sehat, Christiaan Barnand =260 ##$$a 2002 $b Bandung =300 ##$$a 328 hlm, 23.5 cm =650 ##$$a Jantung =850 ##$$a NBPNMAT